00325nam a2200121Ia 4500003000400000008004100004020002500045040000800070100002700078245004800105260004000153300001000193LDD181101s9999 xx 000 0 und d a9788175818570c70.00 cLDD aSiddiqi, Rasheed Ahmad 0aAashufta byani meericRasheed Ahmad Siddiqi aNew DelhibMaktaba Jamia Ltd.c2012 a151p.